| 000 | 00314nam a2200109Ia 4500 | ||
|---|---|---|---|
| 005 | 20251222154313.0 | ||
| 008 | 251222s9999||||xx |||||||||||||| ||spa|| | ||
| 020 | _a978-9972-787-31-7 | ||
| 082 | _a363.73/C76 | ||
| 245 | 0 | _aBosques y mercado de carbono: Potencial del MDL forestal en la Comunidad Andina | |
| 942 | _cLIB | ||
| 999 |
_c33489 _d33489 |
||